Lyrics to 'Dance With Me' by Bruno Mars - Statistics

General Stats
  • This quiz has been taken 34 times
  • The average score is 185 of 212
Answer Stats
Answer % Correct
I
100%
a
92%
again
92%
all
92%
All
92%
and
92%
And
92%
are
92%
Dance
92%
dance
92%
darling
92%
darling?
92%
fall
92%
Girl
92%
hand
92%
hoping
92%
I'm
92%
in
92%
it
92%
Just
92%
just
92%
know
92%
let
92%
let's
92%
love
92%
me
92%
mine
92%
more
92%
music
92%
my
92%
night
92%
one
92%
One
92%
over
92%
right
92%
Take
92%
the
92%
time
92%
to
92%
tonight
92%
we
92%
when
92%
will
92%
Will
92%
with
92%
you
92%
You
92%
your
92%
been
83%
get
83%
go
83%
here
83%
It's
83%
long
83%
next
83%
Put
83%
since
83%
slow
83%
so
83%
stars
83%
that
83%
us
83%
what
83%
won't
83%
aside
75%
baby
75%
but
75%
don't
75%
ends
75%
held
75%
nobody
75%
Nobody
75%
only
75%
out
75%
pride
75%
thing
75%
tight
75%
til
75%
wanna
75%
we're
75%
ain't
67%
find
67%
gotta
67%
light
67%
Maybe
67%
still
67%
try
67%
trying
67%
little
58%
Please
58%
please
58%
Help
50%
shine
50%
they'll
50%
No matching quizzes found
Score Distribution
Percent of People with Each Score
Percentile by Number Answered
Your Score History
You have not taken this quiz